000
00298nam a22001337a 4500
005
20230818094248.0
008
230818b |||||||| |||| 00| 0 eng d
040
_a
Loreto college
041
_a
English
082
_a
820
_b
EAG
245
_a
Tje event of literature
850
_a
LCLIB
942
_c
BK
999
_c
43505
_d
93984